Sudden Death: Misspellings #8 - Statistics

General Stats
  • This quiz has been taken 90 times
  • The average score is 7 of 16
Answers on the Grid
Answers color-coded by a green-red scale on the quiz's grid according to % correct below.
achievement
analisys
anteseptic
cartilege
commemorate
coroborate
correspondence
defendant
deterrence
doughty
exilleration
grievious
inadvertant
kindergarden
liaison
mysoginy
persistance
pistachio
pointsetta
propeller
questionnaire
recuperate
septuagenarian
simultanious
stubborness
susceptible
tempramental
thorough
tournament
ukalele
withdrawal
xylaphone
 
Answer Stats
Answer % Correct
antiseptic anteseptic
59%
analysis analisys
57%
misogyny mysoginy
55%
ukulele ukalele
55%
temperamental tempramental
51%
xylophone xylaphone
51%
exhilaration exilleration
43%
simultaneous simultanious
42%
kindergarten kindergarden
41%
corroborate coroborate
38%
poinsettia pointsetta
36%
cartilage cartilege
35%
grievous grievious
29%
persistence persistance
25%
inadvertent inadvertant
19%
stubbornness stubborness
16%
No matching quizzes found
Score Distribution
Percent of People with Each Score
Percentile by Number Answered
Your Score History
You have not taken this quiz